LIBRARY ONLINE CATALOGUE

Women's role in the negotiation processes in Southern Sudan : (Record no. 20538)

MARC details
000 -LEADER
fixed length control field 00459nam a22001337a 4500
008 - FIXED-LENGTH DATA ELEMENTS--GENERAL INFORMATION
fixed length control field 241029b |||||||| |||| 00| 0 eng d
020 ## - INTERNATIONAL STANDARD BOOK NUMBER
International Standard Book Number 9789966262011
050 ## - LIBRARY OF CONGRESS CALL NUMBER
Classification number JZ5584.S74
Item number .A34
100 ## - MAIN ENTRY--PERSONAL NAME
Personal name Agesa, Ruth M.
245 ## - TITLE STATEMENT
Title Women's role in the negotiation processes in Southern Sudan :
Remainder of title A case of the 2005 Machakos/ Naivasha peace process/by
Statement of responsibility, etc. Ruth M. Agesa
260 ## - PUBLICATION, DISTRIBUTION, ETC. (IMPRINT)
Place of publication, distribution, etc. Eldoret, Kenya
Name of publisher, distributor, etc. Utafiti foundation
Date of publication, distribution, etc. 2022
300 ## - PHYSICAL DESCRIPTION
Extent xi, 67p.
942 ## - ADDED ENTRY ELEMENTS (KOHA)
Source of classification or shelving scheme Library of Congress Classification
Koha item type General Collection
Holdings
Withdrawn status Lost status Source of classification or shelving scheme Not for loan Home library Current library Date acquired Inventory number Total Checkouts Full call number Barcode Date last seen Copy number Price effective from Koha item type
    Library of Congress Classification   Kabarak, Main Campus Kabarak, Main Campus 29/10/2024 2024/0710   JZ5584.S74 .A34 2022 C.1 33651 29/10/2024 C.1 29/10/2024 General Collection
    Library of Congress Classification   Kabarak, Main Campus Kabarak, Main Campus 29/10/2024 2024/0707   JZ5584.S74 .A34 2022 C.2 33652 29/10/2024 C.2 29/10/2024 General Collection
    Library of Congress Classification   Kabarak, Main Campus Kabarak, Main Campus 29/10/2024 2024/0708   JZ5584.S74 .A34 2022 C.3 33653 29/10/2024 C.3 29/10/2024 General Collection
    Library of Congress Classification   Kabarak, Main Campus Kabarak, Main Campus 29/10/2024 2024/0705   JZ5584.S74 .A34 2022 C.4 33654 29/10/2024 C.4 29/10/2024 General Collection
    Library of Congress Classification   Kabarak, Main Campus Kabarak, Main Campus 29/10/2024 2024/0706   JZ5584.S74 .A34 2022 C.5 33655 29/10/2024 C.5 29/10/2024 General Collection
    Library of Congress Classification   Kabarak, Main Campus Kabarak, Main Campus 29/10/2024 2024/0709   JZ5584.S74 .A34 2022 C.6 33661 29/10/2024 C.6 29/10/2024 General Collection